000 00364nam a2200145Ia 4500
003 LK-CoDNM
008 010623t1922 xxu||||| |||| 00| 1 eng d
040 _aLK-CoDNM
_dLK-CoDNM
_eLK-CoDNM
041 _aeng
080 _a50
_bD6
245 _aThe Ceylon Sunday School Union : Report 1922
260 _bIndiana
_aDehiwala
_c1922
300 _b8p., 17 cm
942 _cBK
999 _c91074
_d91074